000 01440nam a2200337 c 4500
003 BLK
005 20180420220457.0
008 180407b bul|||||r ||||||| ||bul||
010 _aKNG00034282000
020 _a954-8485-94-Х
_bиздат.: ИнфоДАР
040 _aBLK
041 _aBUL
_cBUL
080 _aСъобщителна техника. Вж и 621.3.09. Организация и експлоатация на съобщенията вж 654
_b621.39
_x(035)
_z621.39(035)
100 1 _aДод, Анабел
_eпърви автор
_9271673
700 1 _aМомчилова, Елица
_eпрев.
_9271475
139 _aДод, Анабел
_bД 70
245 1 0 _aНаръчник по телекомуникации
_cАнабел Дод; прев. Елица Момчилова.
257 _aUSA
260 София
_bИнфоДАР
_c1999
_fСофия : Симолини
300 _a451 с.
_bс ил.
_c23 см
380 _a62
500 _aОриг. загл. The essentia guide to telecommunications / Anabel Z. Dodd. - Други прев. : И. Николова, С. Алексиев. - Съдържа и За автора ; Речник.
650 4 _aТелекомуникации
_9173397
653 _aтелекомуникации
653 _aнаръчници
852 _aЦб 206548
856 4 _qpdf
_u
856 4 _qpdf
_u
942 _cKNG
_n0
944 _aCR
_c15.01.2003
_kКети_Илиева
944 _aED
_c13.02.2013
_k
999 _c31625
_d31625